České pověsti : anglicko-české vydání /
V bohatě ilustrované dvojjazyčné knize najdete nejznámější české pověsti, inspirované klasickým dílem Aloise Jiráska.
Uloženo v:
| Hlavní autor: | |
|---|---|
| Další autoři: | , , |
| Médium: | E-kniha |
| Jazyk: | Czech English |
| Vydáno: |
Brno :
Edika,
2018
|
| Vydání: | 1. vydání |
| Témata: | |
| On-line přístup: | Audionahrávka ke stažení na |
| Tagy: |
Žádné tagy |
| LEADER | 03138nam a2200637 i 4500 | ||
|---|---|---|---|
| 001 | 310978 | ||
| 003 | CZ PrSKC | ||
| 005 | 20260601215657.0 | ||
| 007 | ta | ||
| 008 | 181106s2018 xr a c 000 j cze | ||
| 015 | |a cnb003050322 | ||
| 020 | |a 9788026613374 |q (vázáno) : |c Kč 399,00 | ||
| 035 | |a (OCoLC)1081391697 | ||
| 040 | |a BOA001 |b cze |e rda | ||
| 041 | 1 | |a cze |a eng |h cze | |
| 043 | |a e-xr--- | ||
| 072 | 7 | |a 821.162.3-3 |x Česká próza |2 Konspekt | |
| 072 | 7 | |a 821-93 |x Literatura pro děti a mládež (beletrie) |2 Konspekt | |
| 080 | |a 821.162.3-34 |2 MRF | ||
| 080 | |a 821-93 |2 MRF | ||
| 080 | |a 94(437.3) |2 MRF | ||
| 080 | |a (0:82-34) |2 MRF | ||
| 080 | |a (0.027)=030 |2 MRF | ||
| 100 | 1 | |a Mrázková, Eva |7 mzk2011618570 |4 aut | |
| 245 | 1 | 0 | |a České pověsti : |b anglicko-české vydání / |c Eva Mrázková = Czech tales : English-Czech edition / Ailsa Randall ; ilustrace: Atila Vörös |
| 246 | 1 | |i Název na rubu titulní stránky: |a České pověsti - anglicko-české vydání | |
| 246 | 3 | 1 | |a Czech tales |
| 250 | |a 1. vydání | ||
| 264 | 1 | |a Brno : |b Edika, |c 2018 | |
| 300 | |a 160 stran : |b barevné ilustrace ; |c 28 cm | ||
| 336 | |a text |b txt |2 rdacontent | ||
| 336 | |a statický obraz |b sti |2 rdacontent | ||
| 337 | |a bez média |b n |2 rdamedia | ||
| 338 | |a svazek |b nc |2 rdacarrier | ||
| 500 | |a "Převyprávěla: Eva Mrázková ; přeložila: Ailsa Randall"--Rub titulní stránky | ||
| 520 | 2 | |a V bohatě ilustrované dvojjazyčné knize najdete nejznámější české pověsti, inspirované klasickým dílem Aloise Jiráska. |b Nechybí vyprávění o praotci Čechovi, o Libuši a jejich proroctvích, o silném Bivoji či o Horymírovi a jeho Šemíkovi. Zrcadlově uspořádaný text umožňuje kontrolu porozumění. Audio nahrávka, na které pověsti vypráví rodilý mluvčí, je zdarma ke stažení na stránkách nakladatelství. Nakladatelská anotace. | |
| 546 | |a Souběžný anglický text | ||
| 651 | 7 | |a Česko |7 ge128065 |x dějiny |2 czenas | |
| 651 | 9 | |a Czechia |x history |2 eczenas | |
| 655 | 7 | |a české pověsti |7 fd201456 |2 czenas | |
| 655 | 7 | |a dvojjazyčná vydání |7 fd194533 |2 czenas | |
| 655 | 7 | |a publikace pro děti |7 fd133156 |2 czenas | |
| 655 | 9 | |a Czech legends |2 eczenas | |
| 655 | 9 | |a bilingual editions |2 eczenas | |
| 655 | 9 | |a children's literature |2 eczenas | |
| 700 | 1 | |a Randall, Ailsa Marion, |d 1974- |7 mub2013759583 |4 trl | |
| 700 | 1 | |a Vörös, Atila, |d 1964- |7 xx0305516 |4 ill | |
| 700 | 1 | 2 | |a Mrázková, Eva. |t České pověsti |
| 700 | 1 | 2 | |a Mrázková, Eva. |t České pověsti. |l Anglicky |
| 856 | 4 | 2 | |3 Audionahrávka ke stažení na |u https://www.albatrosmedia.cz/tituly/42977731/ceske-povesti-anglictina/ |4 N |
| 900 | |a ABA001 |b 20 | ||
| 928 | 9 | |a Albatros Media - Edika | |
| 044 | |a xr | ||
| 910 | |a RBIT002 | ||
| 998 | |d 180168 |a https://core.palmknihy.cz/api/books/180168/cover?pj5ny9 |b https://core.palmknihy.cz/api/books/180168/cover/400?pj5ny9 |c https://core.palmknihy.cz/api/books/180168/cover/50?pj5ny9 |e 3999-12-31 |g 160 |i 9788026613374 |k https://core.palmknihy.cz/api/books/180168/preview.pdf |l |q 49 |r 1 |s https://www.palmknihy.cz/kniha/180168 |t ebook |y 2018 |z 0 | ||
| 999 | |d 310976 | ||